Statistiques concernant Villes les plus peuplées de la sarthe

Cliquez ici pour prendre le quiz!

Statistiques générales

  • Ce quiz a été pris 212 fois
  • Le résultat moyen est 10 sur 20

Statistiques - réponses

HintRéponse% Correct
145039Le Mans
100%
14863La Flèche
90%
12595Sablé sur Sarthe
80%
5163Mamers
74%
11029Allonnes
68%
8661La Ferté bernard
67%
5116Arnage
56%
7599Coulaines
53%
4634Ecommoy
44%
5338Mulsanne
44%
6738Changé
39%
4131Yvré l'Evêque
37%
3776Bonnétable
36%
4674Parigné l'Evêque
34%
4619Chateau du Loir
33%
4756La Suze sur Sarthe
33%
3761Le Lude
33%
3947Champagné
27%
4003Savigné L'Evêque
24%
3743La Bazoge
22%

Distribution des résultats

Percentile par nombre de réponses

% des personnes avec chaque résultat

Votre développement - résultats

Vous n’avez pas pris ce quiz